| 000 | 01228nam a22003497a 4500 | ||
|---|---|---|---|
| 003 | CHAP | ||
| 005 | 20220329134508.0 | ||
| 008 | 971013s1994 r 00010 d | ||
| 010 | _a21189 | ||
| 011 | _a22161 | ||
| 035 | _a26254 | ||
| 040 | _cCHAP | ||
| 090 | _aTesis | ||
| 100 | 0 | 0 |
_aLeón Alcántar, Jorge. _966084 |
| 245 | _aFluctuación poblacional y determinación de fauna benéfica en la lenteja (Lens culinaris Medik) en Jerécuaro, Gto. | ||
| 260 |
_aChapingo, Méx. : _bEl autor, _c1994 |
||
| 300 | _a101 h. | ||
| 502 | _aTesis (Ing. Agr, Esp. en Parasitología Agrícola) -- UACH. Departamento de Parasitología Agrícola | ||
| 590 |
_aALEPH _b10 _c20130110 _lUCH01 _h1245 |
||
| 590 |
_aBATCH-UPD _b10 _c20130110 _lUCH01 _h1824 |
||
| 590 |
_aBATCH-UPD _b10 _c20130410 _lUCH01 _h1157 |
||
| 590 |
_aBATCH-UPD _b10 _c20130914 _lUCH01 _h1356 |
||
| 590 |
_aCONVERSION _b10 _c20130109 _lUCH01 _h1313 |
||
| 650 | 1 | 4 |
_aFenología. _940043 |
| 650 | 1 | 4 |
_aLenteja _xGuanajuato. _966022 |
| 650 | 1 | 4 |
_aLenteja _xPlagas. _966031 |
| 901 | _aBK | ||
| 942 | _cFOLL | ||
| 949 |
_bBC _cTES _d-60645 _eTS1 _h27087 _i26254 _si |
||
| 949 |
_bBC _cTES _d-60646 _eTS2 _fc.2 _h27088 _i26254 _si |
||
| 949 |
_bBC _cTES _d-60647 _eTS2 _fc.3 _h27089 _i26254 _si |
||
| 999 |
_c21189 _d21189 |
||